000 01062nam a2200289 i 4500
001 192155
003 SpMaBN
005 20240130210145.0
008 221107s2020 sp | |||| 000 0 spa
017 _aAL 2118-2020
_bOficina Depósito Legal Almería
020 _a978-84-18542-08-4
040 _cSpMaBN
080 _a512.547.4
080 _a510.68
100 1 _aPaniego, José Ángel.
_9175751
_eaut
245 1 0 _aViaje al infinito matemático :
_bun revolucionario concepto de infinito matemático y su aplicación al teorema de Gödel /
_cJosé Ángel Paniego.
250 _a1ª edición
260 _aEl Ejido :
_bLetrame Grupo Editorial,
_c2020
300 _a339 páginas ;
_c22 cm
650 7 _aInfinito.
_913752
650 4 _aTeorema de Gödel.
_9175752
852 4 _aES-MaACL
_jN-8062
_9199437
_gDedicatoria autógrafa del autor
_hDonación: José Ángel Paniego
_cDEPOJ
_bR. 153203
903 _9175751
_aPaniego, José Ángel
_ednr
942 _cMONOGRAFIA
_n0
999 _c192155
_d192155